Thin shell concrete structures

Salvato in:
Dettagli Bibliografici
Autore principale: Billington, David P (Autore)
Natura: Libro
Lingua:inglese
Pubblicazione: New York : McGraw-Hill, 1965
Tags: Aggiungi Tag
Nessun Tag, puoi essere il primo ad aggiungerne!!

MARC

LEADER 00000nam a22000003a 4500
001 stu28973
005 20150617225738.1
008 950523s1965----xxu-----------------eng-d
040 |a STU  |b slo 
041 0 |a eng 
044 |a xxu 
080 |a 624.012.4 
100 1 |a Billington, David P  |4 aut 
245 1 |a Thin shell concrete structures 
260 |a New York :  |b McGraw-Hill,  |c 1965 
300 |a 332 s 
500 |a xerox 
996 |b 284V025974  |c V*37222/O-15546  |l VVS  |s A  |a 24  |w stu28973_0001